000 00545nam a2200193Ia 4500
005 20250326141633.0
008 250326s9999 xx 000 0 und d
020 _a0-631-16889-3
037 _aTextbook
040 _aFMSL
_beng
_cFMSL
041 _aeng
_2eng
084 _aX:8ogB2893 M7
_qFMSL
100 _aBinmore Ken
245 0 _aEconomics of Bargaining
_cBinmore Ken; Dasgupta Partha
260 _aOxford
_bOxford, Basil Blackwel
_c1989
300 _a260p
942 _cTB
_hX:8ogB2893 M7
999 _c1291250
_d1291250